<?xml version="1.0" encoding="UTF-8"?>
<record
    xmlns:xsi="http://www.w3.org/2001/XMLSchema-instance"
    xsi:schemaLocation="http://www.loc.gov/MARC21/slim http://www.loc.gov/standards/marcxml/schema/MARC21slim.xsd"
    xmlns="http://www.loc.gov/MARC21/slim">

  <leader>00728    a2200205   4500</leader>
  <datafield tag="020" ind1=" " ind2=" ">
    <subfield code="a">0130942006</subfield>
  </datafield>
  <datafield tag="040" ind1=" " ind2=" ">
    <subfield code="a">DLC</subfield>
    <subfield code="b">DLC</subfield>
  </datafield>
  <datafield tag="082" ind1="0" ind2="0">
    <subfield code="a">621.39/5</subfield>
  </datafield>
  <datafield tag="100" ind1="1" ind2=" ">
    <subfield code="a">Floyd, Thomas L.</subfield>
  </datafield>
  <datafield tag="245" ind1="1" ind2="0">
    <subfield code="a">Digital fundamentals </subfield>
    <subfield code="c">Thomas L. Floyd.</subfield>
  </datafield>
  <datafield tag="250" ind1=" " ind2=" ">
    <subfield code="a">8th ed.</subfield>
  </datafield>
  <datafield tag="260" ind1=" " ind2=" ">
    <subfield code="a">Upper Saddle River, N.J. :</subfield>
    <subfield code="b">Prentice Hall,</subfield>
    <subfield code="c">2003.</subfield>
  </datafield>
  <datafield tag="300" ind1=" " ind2=" ">
    <subfield code="a">xvii, 942 p. :</subfield>
    <subfield code="b">ill. (some col.) ;</subfield>
    <subfield code="c">28 cm. +</subfield>
    <subfield code="e">2 CD-ROMs (4 3/4 in.)</subfield>
  </datafield>
  <datafield tag="500" ind1=" " ind2=" ">
    <subfield code="a">CD-ROM tipped in at front cover entitled: Texas instruments manufacturer's data sheets -- CD-ROM tipped in at back cover entitled: Electronics workbench.</subfield>
  </datafield>
  <datafield tag="500" ind1=" " ind2=" ">
    <subfield code="a">Includes index.</subfield>
  </datafield>
  <datafield tag="650" ind1=" " ind2="0">
    <subfield code="a">Digital electronics.</subfield>
  </datafield>
  <datafield tag="650" ind1=" " ind2="0">
    <subfield code="a">Logic circuits.</subfield>
  </datafield>
  <datafield tag="700" ind1=" " ind2=" ">
    <subfield code="4">R. P. Jain</subfield>
  </datafield>
  <datafield tag="942" ind1=" " ind2=" ">
    <subfield code="c">BK</subfield>
    <subfield code="k">621.395 FLO</subfield>
    <subfield code="2">ddc</subfield>
  </datafield>
  <datafield tag="999" ind1=" " ind2=" ">
    <subfield code="c">8774</subfield>
    <subfield code="d">8774</subfield>
  </datafield>
  <datafield tag="952" ind1=" " ind2=" ">
    <subfield code="0">0</subfield>
    <subfield code="1">0</subfield>
    <subfield code="4">0</subfield>
    <subfield code="7">0</subfield>
    <subfield code="8">NFIC</subfield>
    <subfield code="a">CL</subfield>
    <subfield code="b">CL</subfield>
    <subfield code="c">GEN</subfield>
    <subfield code="d">2009-05-19</subfield>
    <subfield code="e">Star Books</subfield>
    <subfield code="g">405.00</subfield>
    <subfield code="l">10</subfield>
    <subfield code="m">8</subfield>
    <subfield code="o">621.395 FLO</subfield>
    <subfield code="p">SEECS009401</subfield>
    <subfield code="r">2021-06-16</subfield>
    <subfield code="s">2019-02-10</subfield>
    <subfield code="w">2017-01-05</subfield>
    <subfield code="y">BK</subfield>
  </datafield>
  <datafield tag="952" ind1=" " ind2=" ">
    <subfield code="0">0</subfield>
    <subfield code="1">0</subfield>
    <subfield code="4">0</subfield>
    <subfield code="7">0</subfield>
    <subfield code="8">NFIC</subfield>
    <subfield code="a">CL</subfield>
    <subfield code="b">CL</subfield>
    <subfield code="c">GEN</subfield>
    <subfield code="d">2004-05-17</subfield>
    <subfield code="e">Allied Book Company</subfield>
    <subfield code="g">533.25</subfield>
    <subfield code="l">5</subfield>
    <subfield code="o">621.395 FLO</subfield>
    <subfield code="p">SEECS004480</subfield>
    <subfield code="r">2023-10-31</subfield>
    <subfield code="s">2022-12-18</subfield>
    <subfield code="w">2017-01-05</subfield>
    <subfield code="y">BK</subfield>
  </datafield>
  <datafield tag="952" ind1=" " ind2=" ">
    <subfield code="0">0</subfield>
    <subfield code="1">0</subfield>
    <subfield code="4">0</subfield>
    <subfield code="7">0</subfield>
    <subfield code="8">NFIC</subfield>
    <subfield code="a">CL</subfield>
    <subfield code="b">CL</subfield>
    <subfield code="c">GEN</subfield>
    <subfield code="d">2010-03-24</subfield>
    <subfield code="e">Allied Book Company</subfield>
    <subfield code="g">486.00</subfield>
    <subfield code="l">7</subfield>
    <subfield code="m">6</subfield>
    <subfield code="o">621.395 FLO</subfield>
    <subfield code="p">SEECS010066</subfield>
    <subfield code="r">2024-07-01</subfield>
    <subfield code="s">2023-09-12</subfield>
    <subfield code="w">2017-01-05</subfield>
    <subfield code="y">BK</subfield>
  </datafield>
  <datafield tag="952" ind1=" " ind2=" ">
    <subfield code="0">0</subfield>
    <subfield code="1">0</subfield>
    <subfield code="4">0</subfield>
    <subfield code="7">0</subfield>
    <subfield code="8">NFIC</subfield>
    <subfield code="a">CL</subfield>
    <subfield code="b">CL</subfield>
    <subfield code="c">GEN</subfield>
    <subfield code="d">2010-03-24</subfield>
    <subfield code="e">Allied Book Company</subfield>
    <subfield code="g">486.00</subfield>
    <subfield code="l">5</subfield>
    <subfield code="m">1</subfield>
    <subfield code="o">621.395 FLO</subfield>
    <subfield code="p">SEECS010067</subfield>
    <subfield code="r">2015-11-12</subfield>
    <subfield code="s">2015-11-12</subfield>
    <subfield code="w">2017-01-05</subfield>
    <subfield code="y">BK</subfield>
  </datafield>
  <datafield tag="952" ind1=" " ind2=" ">
    <subfield code="0">0</subfield>
    <subfield code="1">0</subfield>
    <subfield code="4">0</subfield>
    <subfield code="7">0</subfield>
    <subfield code="8">NFIC</subfield>
    <subfield code="a">CL</subfield>
    <subfield code="b">CL</subfield>
    <subfield code="c">GEN</subfield>
    <subfield code="d">2010-03-24</subfield>
    <subfield code="e">Allied Book Company</subfield>
    <subfield code="g">486.00</subfield>
    <subfield code="l">5</subfield>
    <subfield code="m">3</subfield>
    <subfield code="o">621.395 FLO</subfield>
    <subfield code="p">SEECS010068</subfield>
    <subfield code="r">2016-06-04</subfield>
    <subfield code="s">2015-12-23</subfield>
    <subfield code="w">2017-01-05</subfield>
    <subfield code="y">BK</subfield>
  </datafield>
  <datafield tag="952" ind1=" " ind2=" ">
    <subfield code="0">0</subfield>
    <subfield code="1">0</subfield>
    <subfield code="4">0</subfield>
    <subfield code="7">0</subfield>
    <subfield code="8">NFIC</subfield>
    <subfield code="a">CL</subfield>
    <subfield code="b">CL</subfield>
    <subfield code="c">GEN</subfield>
    <subfield code="d">2010-03-24</subfield>
    <subfield code="e">Allied Book Company</subfield>
    <subfield code="g">486.00</subfield>
    <subfield code="l">0</subfield>
    <subfield code="o">621.395 FLO</subfield>
    <subfield code="p">SEECS010069</subfield>
    <subfield code="r">2012-11-14</subfield>
    <subfield code="w">2017-01-05</subfield>
    <subfield code="y">BK</subfield>
  </datafield>
</record>
